000
00213nam a2200097 a 4500
005
20200930065558.0
008
110714s2004 000 spa d
245
0
_a
Recuerdos.
260
_c
[s.f.].
999
_c
31808
_d
31808
040
_a
DO-SdBNP